Fondy na podporu kultúrnych projektov

Kultúra je špecifickou formou ľudskej činnosti. Podiel verejných výdavkov na kultúru. Verejné financovanie kultúry prostredníctvom fondov, inštitúcie na Slovensku. Formy súkromnej podpory kultúrnych služieb. Fundraising.

Gespeichert in:
Bibliographische Detailangaben
1. Verfasser: Hrašková, Dagmar
Format: Buchkapitel
Sprache:Slowakisch
Schlagworte:
Tags: Tag hinzufügen
Keine Tags, Fügen Sie das erste Tag hinzu!

MARC

LEADER 00000naa a2200000 4500
001 0236310
005 20171005143458.8
041 0 |a slo 
044 |a SK 
245 1 0 |a Fondy na podporu kultúrnych projektov  |c Dagmar Hrašková 
520 |a Kultúra je špecifickou formou ľudskej činnosti. Podiel verejných výdavkov na kultúru. Verejné financovanie kultúry prostredníctvom fondov, inštitúcie na Slovensku. Formy súkromnej podpory kultúrnych služieb. Fundraising. 
610 2 0 |a kultúra 
610 2 0 |a financovanie 
610 2 0 |a výdavky verejné 
610 2 0 |a financovanie súkromné 
610 2 0 |a fundraising 
610 2 0 |a Slovensko 
100 1 |a Hrašková, Dagmar